<?xml version="1.0" encoding="UTF-8"?>
<record
    xmlns:xsi="http://www.w3.org/2001/XMLSchema-instance"
    xsi:schemaLocation="http://www.loc.gov/MARC21/slim http://www.loc.gov/standards/marcxml/schema/MARC21slim.xsd"
    xmlns="http://www.loc.gov/MARC21/slim">

  <leader>00596nam a2200205Ia 4500</leader>
  <controlfield tag="008">200824s9999||||xx |||||||||||||| ||und||</controlfield>
  <datafield tag="020" ind1=" " ind2=" ">
    <subfield code="a">7101052037 </subfield>
  </datafield>
  <datafield tag="020" ind1=" " ind2=" ">
    <subfield code="a">9787101052039</subfield>
  </datafield>
  <datafield tag="041" ind1=" " ind2=" ">
    <subfield code="a">chi</subfield>
  </datafield>
  <datafield tag="050" ind1=" " ind2=" ">
    <subfield code="a">DS753 </subfield>
    <subfield code="b">.H79813 2006</subfield>
  </datafield>
  <datafield tag="100" ind1=" " ind2=" ">
    <subfield code="a">&#x9EC4;&#x4EC1;&#x5B87;</subfield>
  </datafield>
  <datafield tag="245" ind1=" " ind2="0">
    <subfield code="a">&#x4E07;&#x5386;&#x5341;&#x4E94;&#x5E74;:    </subfield>
    <subfield code="b">&#x589E;&#x8BA2;&#x7EAA;&#x5FF5;&#x672C; /</subfield>
    <subfield code="c">&#x9EC4;&#x4EC1;&#x5B87;  </subfield>
  </datafield>
  <datafield tag="246" ind1=" " ind2=" ">
    <subfield code="a">&#x842C;&#x66C6;&#x5341;&#x4E94;&#x5E74;:</subfield>
    <subfield code="b">/</subfield>
  </datafield>
  <datafield tag="250" ind1=" " ind2=" ">
    <subfield code="a">rev.ed.</subfield>
  </datafield>
  <datafield tag="260" ind1=" " ind2=" ">
    <subfield code="a">&#x5317;&#x4EAC;:</subfield>
    <subfield code="b">&#x4E2D;&#x534E;&#x4E66;&#x5C40;</subfield>
    <subfield code="c">2006</subfield>
  </datafield>
  <datafield tag="300" ind1=" " ind2=" ">
    <subfield code="a">264 p. : </subfield>
    <subfield code="b">ill. ; </subfield>
    <subfield code="c">24 cm.</subfield>
  </datafield>
  <datafield tag="650" ind1=" " ind2=" ">
    <subfield code="a">China--History--Ming dynasty, 1368-1644.&#xA0;</subfield>
  </datafield>
  <datafield tag="650" ind1=" " ind2=" ">
    <subfield code="a">Wanli, Emperor of China, 1563-1620.&#xA0;</subfield>
  </datafield>
  <datafield tag="952" ind1=" " ind2=" ">
    <subfield code="0">0</subfield>
    <subfield code="1">0</subfield>
    <subfield code="4">0</subfield>
    <subfield code="7">0</subfield>
    <subfield code="a">GETS</subfield>
    <subfield code="b">GETS</subfield>
    <subfield code="c">GEN</subfield>
    <subfield code="d">2020-08-24</subfield>
    <subfield code="l">0</subfield>
    <subfield code="o">DS753 .H79813 2006</subfield>
    <subfield code="p">00005947</subfield>
    <subfield code="r">2020-08-24 00:00:00</subfield>
    <subfield code="w">2020-08-24</subfield>
    <subfield code="y">CB</subfield>
  </datafield>
  <datafield tag="999" ind1=" " ind2=" ">
    <subfield code="c">17700</subfield>
    <subfield code="d">17700</subfield>
  </datafield>
</record>
